Normal view MARC view
  • Sale, Peter F.

Entry Personal Name

Number of records used in: 1

001 - CONTROL NUMBER

  • control field: 1396

003 - CONTROL NUMBER IDENTIFIER

  • control field: DLC

005 - DATE AND TIME OF LATEST TRANSACTION

  • control field: 20231215090313.0

008 - FIXED-LENGTH DATA ELEMENTS

  • fixed length control field: 910314n| azannaabn |n aaa

010 ## - LIBRARY OF CONGRESS CONTROL NUMBER

  • LC control number: n 91025951

035 ## - SYSTEM CONTROL NUMBER

  • System control number: (OCoLC)oca02912074

040 ## - CATALOGING SOURCE

  • Original cataloging agency: DLC
  • Language of cataloging: eng
  • Description conventions: rda
  • Transcribing agency: DLC
  • Modifying agency: ICrlF

046 ## - SPECIAL CODED DATES

  • Birth date: 1941-01-12
  • Source of date scheme: edtf

100 1# - HEADING--PERSONAL NAME

  • Personal name: Sale, Peter F.

372 ## - FIELD OF ACTIVITY

  • Field of activity: Marine ecology
  • Source of term: lcsh

373 ## - ASSOCIATED GROUP

  • Associated group: University of Windsor
  • Source of term: naf

378 ## - FULLER FORM OF PERSONAL NAME

  • Fuller form of personal name: Peter Francis

670 ## - SOURCE DATA FOUND

  • Source citation: The Ecology of fishes on coral reefs, 1991:
  • Information found: cip t.p. (Peter F. Sale, Dept. of Zoology, Univ. of New Hampshire, Durham, N.H.)

670 ## - SOURCE DATA FOUND

  • Source citation: Our dying planet, c2011:
  • Information found: ECIP t.p. (Peter F. Sale) data view (Sale, Peter Francis; b. 01/12/1941)

670 ## - SOURCE DATA FOUND

  • Source citation: Sale, Peter F. Coral reefs, 2021:
  • Information found: title page (Peter F. Sale) jacket flap (Peter F. Sale, a marine ecologist, is distinguished university professor emeritus at University of Windsor, Canada. He most recently served as senior advisor and assistant director for coastal projects for the United Nations University's Institute for Water, Environment and Health)